Science Quiz

Random Science or Animal Quiz

Z animals Quiz Stats

 Plays Quiz not verified by Sporcle

Challenge
Share
Tweet
Score 0/11 Timer 02:00
0 Plays Today
% Correct
zebra
80%
zebu
52.5%
zebrafish
50%
zebra finch
40%
zorilla
30%
zebra shark
30%
zorro
20%
zebra longwing
12.5%
zander
10%
zenaida
7.5%
zeren
5%

You're not logged in!

Compare scores with friends on all Sporcle quizzes.
OR
Log In

You Might Also Like...

Show Comments

Extras

Created Aug 16, 2015ReportNominate
Tags:Animal Quiz

Top Quizzes Today


Score Distribution

Your Account Isn't Verified!

In order to create a playlist on Sporcle, you need to verify the email address you used during registration. Go to your Sporcle Settings to finish the process.

Report this User

Report this user for behavior that violates our Community Guidelines.

Details: